| 000 | 00803cab a2200277 4500 | ||
|---|---|---|---|
| 001 | ABS54150 | ||
| 008 | 090401t1995 xxu||||| |||| 00| 0 eng d | ||
| 035 | _a(Sirsi) u8803 | ||
| 041 | _aeng | ||
| 245 | _aEstates Times survey: Lincolnshire & Humberside | ||
| 260 | _c1995 | ||
| 350 | _a0 | ||
| 490 |
_aEstates Times _v(1306) 8 December 1995, 19-23(5) |
||
| 650 | _aBOSTON | ||
| 650 | _aBYPASSES | ||
| 650 | _aHULL | ||
| 650 | _aLINCOLN | ||
| 650 | _aPROPERTY-COMMERCIAL PROPERTY-OFFICE PROPERTY-OFFICE PROPERTY MARKET | ||
| 650 | _aPORT EXPANSION | ||
| 650 | _aPROPERTY-COMMERCIAL PROPERTY-RETAIL PROPERTY-RETAIL PROPERTY MARKET | ||
| 650 | _aSPALDING | ||
| 650 | _aSTAMFORD | ||
| 690 | _aPROPERTY-COMMERCIAL PROPERTY-COMMERCIAL PROPERTY MARKET | ||
| 942 | _n0 | ||
| 948 | _c04/03/1997 | ||
| 999 |
_c5455 _d5455 |
||